=LDR 00000nam 2200000 4500 =001 INLIS000000000001382 =005 20130612085804 =008 ***********************************Ind** =035 ##$$0010-061300000001382 =041 ##$$a Ind =082 ##$$a 639.754 6 =090 ##$$a 639.754 6, Sun-b =100 ##$$a SUNANTO, Hardi =245 ##$$a Budidaya cacing tanah, Lumbricus Rubellus, Hardi Sunanto =260 ##$$a 2000 $b Solo =300 ##$$a 86 hlm, ilus, 21 cm =650 ##$$a Cacing Tanah =850 ##$$a NBPNMAT